Normal view
MARC view
Entry Personal Name
001 - CONTROL NUMBER
- control field: 45360
003 - CONTROL NUMBER IDENTIFIER
- control field: OSt
005 - DATE AND TIME OF LATEST TRANSACTION
- control field: 20230721113235.0
008 - FIXED-LENGTH DATA ELEMENTS
- fixed length control field: 230721|| aca||aabn | a|a d
040 ## - CATALOGING SOURCE
- Original cataloging agency: OSt
- Transcribing agency: OSt
100 ## - HEADING--PERSONAL NAME
- Personal name: Arthur P. Boresi
670 ## - SOURCE DATA FOUND
- Source citation: Work cat.: (OSt)40877: Arthur P. Boresi, Engineering Mechanics Statics and Dynamics, 2008
